| 000 | 00755cam a22002411 4500 | ||
|---|---|---|---|
| 001 | he 68004696 | ||
| 003 | DLC | ||
| 005 | 20260227111509.0 | ||
| 008 | 770422s1966 is f b 00010 eng | ||
| 010 | _ahe 68004696 //r962 | ||
| 025 | _aPL480:Is-3502 | ||
| 040 |
_aDLC _cDLC _dDLC |
||
| 043 | _aa-is--- | ||
| 050 | 0 | 0 |
_aGN282 _b.T62 |
| 100 | 1 | 0 | _aTobias, Phillip V. |
| 245 | 1 | 2 |
_aA member of the genus Homo from ʻUbeidiya, _cby P. V. Tobias. |
| 260 | 0 |
_aJerusalem, _bIsrael Academy of Sciences and Humanities, _c1966. |
|
| 300 |
_a12 p. _b3 plates. _c27 cm. |
||
| 440 | 0 | _aPublications of the Israel Academy of Sciences and Humanities | |
| 504 | _aBibliography: p. 12. | ||
| 650 | 0 |
_aFossil hominids _zIsrael. |
|
| 651 | 0 | _aʻUbeidīya site, Israel. | |
| 999 |
_c34145 _d34145 |
||